LEADER 05119nam 2200697Ia 450 001 9910457435603321 005 20200520144314.0 010 $a1-280-63842-7 010 $a9786610638420 010 $a0-08-045766-5 035 $a(CKB)1000000000357926 035 $a(EBL)270087 035 $a(OCoLC)476001374 035 $a(SSID)ssj0000098684 035 $a(PQKBManifestationID)11550168 035 $a(PQKBTitleCode)TC0000098684 035 $a(PQKBWorkID)10134629 035 $a(PQKB)11025051 035 $a(MiAaPQ)EBC270087 035 $a(Au-PeEL)EBL270087 035 $a(CaPaEBR)ebr10138479 035 $a(CaONFJC)MIL63842 035 $a(EXLCZ)991000000000357926 100 $a20051207d2005 uy 0 101 0 $aeng 135 $aurcn||||||||| 181 $ctxt 182 $cc 183 $acr 200 00$aAdvances in high-pressure technology for geophysical applications$b[electronic resource] /$feditors, Jiuhua Chen ... [et al.] 205 $a1st ed. 210 $aAmsterdam ;$aBoston $cElsevier$dc2005 215 $a1 online resource (532 p.) 300 $aDescription based upon print version of record. 311 $a0-444-51979-3 320 $aIncludes bibliographical references and indexes. 327 $aFront Cover; Advances in High-Pressure Technology for Geophysical Applications; Copyright Page; Contents; Contributors; Preface; Reviewers; Part I: Elastic and anelastic properties; Chapter 1. Direct measurements of the elastic properties of iron and cobalt to 120 GPa - implications for the composition of Earth's core; Chapter 2. A gigahertz ultrasonic interferometer for the diamond anvil cell and high-pressure elasticity of some iron-oxide minerals 327 $aChapter 3. Simultaneous equation of state, pressure calibration and sound velocity measurements to lower mantle pressures using multi-anvil apparatus Chapter 4. Simultaneous determination of elastic and structural properties under simulated mantle conditions using multi-anvil device MAX80; Chapter 5. Laboratory measurement of seismic wave dispersion and attenuation at high pressure and temperature; Part II: Rheology; Chapter 6. High-temperature plasticity measurements using synchrotron X-rays 327 $aChapter 7. Stress and strain measurements of polycrystalline materials under controlled deformation at high pressure using monochromatic synchrotron radiation Chapter 8. Development of a rotational Drickamer apparatus for large-strain deformation experiments at deep Earth conditions; Part III: Melt and glass properties; Chapter 9. Density measurements of molten materials at high pressure using synchrotron X-ray radiography: melting volume of FeS 327 $aChapter 10. Viscosity and density measurements of melts and glasses at high pressure and temperature by using the multi-anvil apparatus and synchrotron X-ray radiation Chapter 11. The effect of composition, compression, and decompression on the structure of high-pressure aluminosilicate glasses: an investigation utilizing 17O and 27Al NMR; Chapter 12. The application of 17O and 27Al solid-state (3QMAS) NMR to structures of non-crystalline silicates at high-pressure; Part IV: Structural and magnetic properties 327 $aChapter 13. Decompression of majoritic garnet: an experimental investigation of mantle periodotite exhumation Chapter 14. Chemistry at extreme conditions: approaching the Earth's major interface; Chapter 15. Pressure dependence on the magnetic properties of titanomagnetite using the reversible susceptibility method; Part V: Diffraction and spectroscopy; Chapter 16. High-pressure angle-dispersive powder diffraction using an energy-dispersive setup and white synchrotron radiation 327 $aChapter 17. Methods and application of the Paris-Edinburgh Press to X-ray diffraction structure solution with large-volume samples at high pressures and temperatures 330 $aHigh-pressure mineral physics is a field that is strongly driven by the development of new technology. Fifty years ago, when experimentally achievable pressures were limited to just 25 GPa, little was know about the mineralogy of the Earth's lower mantle. Silicate perovskite, the likely dominant mineral of the deep Earth, was identified only when the high-pressure techniques broke the pressure barrier of 25 GPa in 1970's. However, as the maximum achievable pressure reached beyond one Megabar (100 GPa) and even to the pressure of Earth's core on minute samples, new discoveries increasingly were 606 $aMineralogy 606 $aMineralogical chemistry 606 $aGeophysics 606 $aMaterials at high pressures 608 $aElectronic books. 615 0$aMineralogy. 615 0$aMineralogical chemistry. 615 0$aGeophysics. 615 0$aMaterials at high pressures. 676 $a550 701 $aChen$b Jiahua$01052166 801 0$bMiAaPQ 801 1$bMiAaPQ 801 2$bMiAaPQ 906 $aBOOK 912 $a9910457435603321 996 $aAdvances in high-pressure technology for geophysical applications$92483171 997 $aUNINA